Largest Muslim Cities - Statistics

General Stats
  • This quiz has been taken 100 times
  • The average score is 18 of 25
Answer Stats
Population Answer % Correct
29.2 Jakarta
99%
22.6 Cairo
94%
7.50 Riyadh
90%
6.20 Alexandria
88%
20.9 Karachi
88%
16.7 Tehran
88%
15.9 Istanbul
85%
14.5 Lahore
85%
9.30 Kuala Lumpur
80%
5.95 Dubai
79%
5.15 Ankara
78%
22.5 Dhaka
78%
7.65 Baghdad
77%
7.05 Khartoum
74%
4.78 Casablanca
73%
5.05 Kabul
72%
6.00 Amman
70%
4.78 Kuwait City
62%
5.90 Surabaya
59%
6.95 Bandung
56%
5.00 Chittagong
54%
6.25 Dar es Salaam
52%
5.20 Kano
51%
5.45 Bamako
45%
4.85 Ürümqi
23%
No matching quizzes found
Score Distribution
Percent of People with Each Score
Percentile by Number Answered
Your Score History
You have not taken this quiz